| 000 | 01354nam a2200229Ia 4500 | ||
|---|---|---|---|
| 003 | OSt | ||
| 005 | 20250206101922.0 | ||
| 007 | ca aa aaaaa | ||
| 008 | 201103s9999 xx 000 0 und d | ||
| 040 | _cSSBUL | ||
| 041 | _abur | ||
| 082 |
_223 _a၂၉၄.၃၆၅၇ တော _b၉၃၂၃ S-SAT |
||
| 245 | 0 | 0 | _aတောရသာသနာ(၂၅) နှစ်ပြည့်(၁၃၅၃- ၁၃၇၈) / |
| 260 |
_a[နေရာမပါ] ၊ _b[ထုတ်ဝေသူမပါ]၊ _c၂၀၁၇။ |
||
| 300 |
_a၂၄၄ စာမျက်နှာ ၊ _bဓါတ်ပုံများ ၊ _c၂၆ စင်တီ။ |
||
| 500 | _a မန္တလေးတိုင်းဒေသကြီး၊ တံတားဦးမြို့နယ်၊ သူငယ်တော်ရွာတောရကျောင်းတိုက်(၂၅) နှစ်ပြည့်အထိမ်းအမှတ် | ||
| 500 | _aS-SAT: Dr. Sai Aung Tun | ||
| 650 |
_aသူငယ်တော်တောရကျောင်း - တံတားဦးမြို့နယ်၊ _934614 |
||
| 650 |
_aဗုဒ္ဓဘာသာဘုန်းတော်ကြီးကျောင်း၊ _945721 |
||
| 650 |
_aဘုန်းတော်ကြီးကျောင်း - မြန်မာနိုင်ငံ။ _957344 |
||
| 942 |
_2ddc _cBK1 |
||
| 999 |
_c16839 _d16839 |
||